Catalog

Record Details

Catalog Search



Satiry  Cover Image Book Book

Satiry / Decimus Iunius Iuvenalis ; přeložil Zdeněk K. Vysoký

Summary:

Pět satirických knih, zahrnujících celkem šestnáct satir, představuje patrně celé dílo římského básníka, narozeného pravděpodobně kolem r. 60 n. l. za vlády císaře Nerona, autora ceněného vedle Horatia, Vergilia a Terentia jak ve středověku, tak i v novověku. Satirické verše, které nejčastěji formou listu k určitému adresátovi pranýřující zvrácenost, necitelnost a nespravedlnost společenského ústrojí Říma druhé pol. 1. stol. n. l., zaměřují se především proti mocným a bohatým příslušníkům nejvyšší třídy, proti urozeným ženám, také proti Řekům, Orientálcům a Egypťanům, vnášejícím do Říma rozkladné prvky helenistické a orientální kultury apod. Kritické vydání opatřené četnými poznámkami je pořízeno podle vydání L. Friedlaendera (Lipsko 1895) a přihlíží i k novým kritickým vydáním

Record details

  • Physical Description: 315 stran ; 21 cm
  • Edition: Vydání druhé (ve Svobodě první)
  • Publisher: Praha : Svoboda, 1972

Content descriptions

General Note:
Přeloženo z latiny
29600 výtisků
Genre: latinské prózy
satirické prózy
Latin prose
satirical prose

Available copies

  • 3 of 3 copies available at Common Catalog SPOK.

Holds

  • 0 current holds with 3 total copies.
Show Only Available Copies
Location Call Number / Copy Notes Barcode Shelving Location Status Due Date
ETS Library 180 424470019167 Volný výběr Available -
ETS Library 180 424470019168 Volný výběr Available -
Hospic Dobrého Pastýře PA
Tematická katagorie: Odborná - paliativní péče (PA)
2045957019581 Skříň ve 2. patře (SKŘ) Available -

LDR 05667cam a2201405 i 4500
00150599
003CZ-PrJAB
00520220303092736.0
007ta
008990630s1972 xr g 000 f cze
015 . ‡acnb000120038
020 . ‡q(Vázáno) : ‡cKčs 26,00
035 . ‡a(CZ-PrJAB)50598
035 . ‡a(CZ PrSKC)vkol000184206
035 . ‡a(OCoLC)42179890
040 . ‡aABA001 ‡bcze ‡cPNA001 ‡dABA001 ‡dOLA001 ‡erda
0411 . ‡acze ‡hlat
072 7. ‡a821.124-3 ‡2Konspekt ‡925
080 . ‡a821.124-3 ‡2MRF
080 . ‡a(0:82-323.1) ‡2MRF
08214. ‡a180
1001 . ‡aIuvenalis, Decimus Iunius ‡dasi 67-asi 127 ‡7jn19981001529 ‡4aut
24510. ‡aSatiry / ‡cDecimus Iunius Iuvenalis ; přeložil Zdeněk K. Vysoký
250 . ‡aVydání druhé (ve Svobodě první)
264 1. ‡aPraha : ‡bSvoboda, ‡c1972
300 . ‡a315 stran ; ‡c21 cm
336 . ‡atext ‡btxt ‡2rdacontent
337 . ‡abez média ‡bn ‡2rdamedia
338 . ‡asvazek ‡bnc ‡2rdacarrier
4901 . ‡aAntická knihovna ; ‡vsv. 13
500 . ‡aPřeloženo z latiny
500 . ‡a29600 výtisků
520 . ‡aPět satirických knih, zahrnujících celkem šestnáct satir, představuje patrně celé dílo římského básníka, narozeného pravděpodobně kolem r. 60 n. l. za vlády císaře Nerona, autora ceněného vedle Horatia, Vergilia a Terentia jak ve středověku, tak i v novověku. Satirické verše, které nejčastěji formou listu k určitému adresátovi pranýřující zvrácenost, necitelnost a nespravedlnost společenského ústrojí Říma druhé pol. 1. stol. n. l., zaměřují se především proti mocným a bohatým příslušníkům nejvyšší třídy, proti urozeným ženám, také proti Řekům, Orientálcům a Egypťanům, vnášejícím do Říma rozkladné prvky helenistické a orientální kultury apod. Kritické vydání opatřené četnými poznámkami je pořízeno podle vydání L. Friedlaendera (Lipsko 1895) a přihlíží i k novým kritickým vydáním
655 7. ‡alatinské prózy ‡7fd215978 ‡2czenas
655 7. ‡asatirické prózy ‡7fd133327 ‡2czenas
655 9. ‡aLatin prose ‡2eczenas
655 9. ‡asatirical prose ‡2eczenas
7001 . ‡aVysoký, Zdeněk K., ‡d1903-1979 ‡7jk01151259 ‡4trl
830 0. ‡aAntická knihovna (Svoboda)
910 . ‡aABG450
910 . ‡aABE702
995 . ‡aska
901 . ‡a50599 ‡bAUTOGEN ‡c50599 ‡tbiblio

Additional Resources